ARRUPE JESUIT UNIVERSITY

CORONAVIRUS -STOP THE SPREAD - CLEAN,DISINFECT,COVER

A Model Childhood (Virago Modern Classics) (Record no. 118910)

MARC details
000 -LEADER
fixed length control field 00355nam a22001217a 4500
008 - FIXED-LENGTH DATA ELEMENTS--GENERAL INFORMATION
fixed length control field 131202b xxu||||| |||| 00| 0 eng d
050 ## - LIBRARY OF CONGRESS CALL NUMBER
Classification number PT2685.036.M6
100 ## - MAIN ENTRY--PERSONAL NAME
Personal name Wolf, Christa
9 (RLIN) 4609
245 ## - TITLE STATEMENT
Title A Model Childhood (Virago Modern Classics)
Statement of responsibility, etc Christa Wolf
260 ## - PUBLICATION, DISTRIBUTION, ETC. (IMPRINT)
Place of publication, distribution, etc London
Name of publisher, distributor, etc Virago Press
Date of publication, distribution, etc 1983
300 ## - PHYSICAL DESCRIPTION
Extent 407p.;
Dimensions 20cm.
942 ## - ADDED ENTRY ELEMENTS (KOHA)
Source of classification or shelving scheme Library of Congress Classification
Item type Monograph ( Printed materials)
Holdings
Withdrawn status Lost status Source of classification or shelving scheme Damaged status Not for loan Home library Current library Date acquired Total Checkouts Full call number Barcode Date last seen Price effective from Koha item type
    Library of Congress Classification     ARRUPE LIBRARY ARRUPE LIBRARY 02/12/2013   PT2685.036.M6 46410351 02/07/2019 02/12/2013 Monograph ( Printed materials)

 

Arrupe Library. PO Box MP320 Mt Pleasant, Harare, Zimbabwe
263 242 745411|librarian@aju.ac.zw